000 00890pam a2200265 a 4500
999 _c7181
_d7181
001 2543241
003 GBCCL
005 20241126110621.0
008 940913r19951947miu 000 0 eng
010 _a 94037701
020 _a0825433274 :
_c$16.99
040 _aDLC
_cDLC
_dDLC
050 0 0 _aBS2775.3
_b.N48 1995
082 0 0 _a227.87077
_220
_bNEW
100 1 _aNewell, William R.,
_d-1956.
_98807
245 1 0 _aHebrews, verse-by-verse :
_ba classic evangelical commentary /
_cWilliam R. Newell.
260 _aChicago :
_bMoody press,
_c1947.
300 _a494 p. ;
_c21 cm.
500 _aOriginally published: Chicago : Moody Press, c1947.
630 0 0 _aBible.
_pHebrews
_xCommentaries.
_98346
740 0 _aHebrews.
906 _a7
_bcbc
_corignew
_d1
_eocip
_f19
_gy-gencatlg
942 _2ddc
_cBK
_04